| 000 -LEADER |
| fixed length control field |
00401pab a2200145 454500 |
| 008 - FIXED-LENGTH DATA ELEMENTS--GENERAL INFORMATION |
| fixed length control field |
180718b1987 xxu||||| |||| 00| 0 eng d |
| 100 ## - MAIN ENTRY--PERSONAL NAME |
| Personal name |
Simmie, James |
| 245 ## - TITLE STATEMENT |
| Title |
Planning theory and planning practice |
| Remainder of title |
An analysis of the San Francisco Downtown plan |
| 260 ## - PUBLICATION, DISTRIBUTION, ETC. |
| Date of publication, distribution, etc. |
1987 |
| 300 ## - PHYSICAL DESCRIPTION |
| Extent |
304-24 |
| 362 ## - DATES OF PUBLICATION AND/OR SEQUENTIAL DESIGNATION |
| Dates of publication and/or sequential designation |
Nov. |
| 650 ## - SUBJECT ADDED ENTRY--TOPICAL TERM |
| Topical term or geographic name entry element |
Land Use - Planning - San Francisco |
| 773 ## - HOST ITEM ENTRY |
| Main entry heading |
Cities |
| 909 ## - |
| -- |
12178 |